000 00651nam a22002177a 4500
003 OSt
005 20140310181914.0
008 130716t xxu||||| |||| 00| 0 eng d
050 _aPZ 7
_b.P296 1993
082 _aTR 372.64
_bF88b 1993
100 _aPaterson Katherine.
_9578
245 _aBridge to terabithia :
_ba study guide /
_cKatherine Paterson.
260 _aNew York :
_bLearning Links Inc,
_cc1993.
300 _a29 p. :
_bill. ;
_c28 cm.
521 _aFaculty
541 _j1
541 _j2
562 _e2
650 _aLiterature
_xStudy and teaching (Elementary)
_xActivity programs.
_9579
942 _2lcc
_cBK-TR
_kTR
999 _c6686
_d6686